000 00943nam a2200289 i 4500
003 DO-SdBNP
005 20260512105259.0
007 ta
008 260512b1999 dr ||||| |||| 00| 0 spa d
020 _a9993400173
040 _aDO-SdBNP
_bspa
_cBNPHU
_erda
041 _aspa
082 4 _axxx
_bxxx
_222
100 _aHolguín-Veras Tabar, Oscar,
_eautor
_4aut.
_937844
245 1 0 _aOlvido y desamor en palo seco :
_bcuentos /
_cOscar Holguín-Veras Tabar ; prólogo, Avelino Stanley
250 _aprimera edición
264 4 _aSanto Domingo :
_bCocolo editorial,
_c©1999.
300 _a75 páginas ;
_c21 cm.
336 _atexto
_btxt
_2rdacontent
337 _asin mediación
_bn
_2rdamedia
338 _avolumen
_bnc
_2rdacarrier
500 _aIncluye datos biográficos del autor en las solapas
590 _aInventariado, 2026/BT
700 _aStanley, Avelino,
_eprologuista
_4pr.
_981556
910 _aBtavárez
942 _2ddc
_cLBS1
999 _c60718
_d60718